000 00725nam a2200253Ia 4500
003 OSt
005 20220925212601.0
006 a|||||r|||| 00| 0
007 ta
008 220923b |||||||| |||| 00| 0 eng d
037 _cGeneral Book
040 _aRTL
_cRTL
_beng
041 _2eng
_aeng
082 _aX, J4/TD3
100 _aKALECKI M
245 0 _aTheory of economic dynamics
250 _a4
260 _aLondon
_bAllen and Unwin
_c1954
300 _a178p
_ccm.
490 _aMerges Kalecki: Essays in the theory of economic fluctuations by Kalecki: Studies in economic dynamics
650 _aGeneral Economics
942 _hX, J4/TD3
_cGB
_2CC
999 _c560706
_d560706